[Event "GER-ch U12"]
[Site "Oberhof"]
[Date "2011.06.14"]
[Round "6"]
[White "Kempe, Anne"]
[Black "Sherif, Amina"]
[Result "1/2-1/2"]
[WhiteElo "1538"]
[BlackElo "1345"]
[PlyCount "77"]
[EventDate "2011.06.11"]
[EventType "swiss"]
[EventRounds "11"]
[EventCountry "GER"]
[SourceTitle "CBM 142 Extra"]
[Source "ChessBase"]
[SourceDate "2011.06.27"]
[SourceVersion "1"]
[SourceVersionDate "2011.06.27"]
[SourceQuality "1"]

1. e4 e5 2. Nf3 Nf6 3. Nxe5 d6 4. Nf3 Nxe4 5. Nc3 Nxc3 6. dxc3 Be7 7. Be3 Nc6 8. Qd2 0-0 9. 0-0-0 Ne5 10. Nd4 Bd7 11. Kb1 c5 12. Nb5 Be6 13. b3 Qa5 14. c4 Qb6 15. Kc1 a6 16. Nc3 Qa5 17. Kb1 Kh8 18. Nd5 Qxd2 19. Rxd2 Bxd5 20. cxd5 Bf6 21. h3 Rfe8 22. Bf4 Rad8 23. Re2 Ng6 24. Be3 Kg8 25. g3 Re7 26. c4 Rde8 27. Kc2 Bd4 28. Kd2 Ne5 29. Bg2 Ng6 30. Rhe1 Bf6 31. f4 b5 32. Kd3 b4 33. Bc1 Rxe2 34. Rxe2 Rxe2 35. Kxe2 Ne7 36. g4 Ng6 37. Kf3 Kf8 38. a3 a5 39. axb4 1/2-1/2